EFSI ako možný nástroj podpory konvergencie

Niektoré opatrenia pomocou ktorých sa európski lídri snažia zvrátiť nežiaduci stav nízkej ekonomickej aktivity, resp. súčasné opatrenia mobilizácie investícií, ktoré sú kľúčové pri obnove stability ekonomiky.

Salvato in:
Dettagli Bibliografici
Autore principale: Chandoga, Roman
Natura: Capitolo di libro
Lingua:slovacco
Soggetti:
Tags: Aggiungi Tag
Nessun Tag, puoi essere il primo ad aggiungerne!!

MARC

LEADER 00000nla a2200000 4500
001 0229609
005 20240417075115.1
041 0 |a slo 
044 |a SK 
245 1 0 |a EFSI ako možný nástroj podpory konvergencie  |c Roman Chandoga 
520 |a Niektoré opatrenia pomocou ktorých sa európski lídri snažia zvrátiť nežiaduci stav nízkej ekonomickej aktivity, resp. súčasné opatrenia mobilizácie investícií, ktoré sú kľúčové pri obnove stability ekonomiky. 
610 2 0 |a konvergencia 
610 2 0 |a kríza hospodárska 
610 2 0 |a výkonnosť ekonomiky 
610 2 0 |a smernice 
610 2 0 |a Európsky parlament 
610 2 0 |a stratégia investičná 
610 2 0 |a projekty investičné 
100 1 |a Chandoga, Roman